| 000 | 00965nam a2200241Ia 4500 | ||
|---|---|---|---|
| 001 | 1163 | ||
| 003 | GE_BSU | ||
| 008 | 181216s||||||||xx |||||||||||||| ||und|| | ||
| 020 | _a5505006563 | ||
| 040 | _cGE_BSU | ||
| 080 | _a631.3(075.8) | ||
| 100 | _aკაციტაძე ჯ. | ||
| 245 | _aმანქანების საიმედოობა და რემონტი.ნ.1. | ||
| 245 | _bსახელმძღვანელო სასოფლო-სამეურნეო უმაღლესი სასწავლებლის სტუდენტებისათვის | ||
| 260 | _aთბილისი. | ||
| 260 | _bგანათლება. | ||
| 260 | _c1989. | ||
| 300 | _a21სმ. 191გვ. | ||
| 541 | _h7 ლ. | ||
| 653 | _aმანქანების რემონტი. | ||
| 653 | _aმანქანების საიმედოობა და რემონტი | ||
| 942 | _cBK | ||
| 999 |
_c35312 _d35312 |
||